Les langues officielles en Amérique du Nord - Statistiques

Statistiques générales
  • Ce quiz a été pris 111 fois
  • Le résultat moyen est 21 sur 27
Statistiques - réponses
Pays Langue % Correct
Canada Anglais
96%
Français
96%
Costa Rica Espagnol
94%
États-Unis Anglais
93%
Antigua-et-Barbuda Anglais
91%
Cuba Espagnol
91%
Bahamas Anglais
90%
Mexique Espagnol
89%
Barbade Anglais
88%
Belize Anglais
88%
Dominique Anglais
88%
Panama Espagnol
88%
Guatemala Espagnol
87%
Nicaragua Espagnol
87%
Salvador Espagnol
87%
Honduras Espagnol
86%
République Dominicaine Espagnol
85%
Jamaïque Anglais
84%
Saint-Lucie Anglais
84%
Saint-Christophe-et-Niévès Anglais
82%
Saint-Vincent-et-les-Grenadines Anglais
82%
Trinité-et-Tobago Anglais
82%
Grenade Anglais
81%
Français
60%
Haïti Créole haïtien
35%
Créole saint-lucien
14%
Créole dominiquais
11%
Aucun quiz correspondant
Distribution des résultats
% des personnes avec chaque résultat
Percentile par nombre de réponses
Votre historique - résultats
Vous n’avez pas pris ce quiz